000 01906cam a22002054a 4500
005 20250605164055.0
008 250528s ||||||||||||||||||||||||d
035 _a17425
020 _a9602181907
040 _aGR-AtMCL
_bgre
_dGR-AtMCL
_eAACR2
245 1 _aΟι Φιλόσοφοι του Οικονομικού Κόσμου / Η Ζωή, οι Καιροί και οι Ιδεές των Μεγάλων Οικονομολόγων: Έβδομη Αγγλική Έκδοση
250 _a
260 _bΕκδόσεις Κριτική - Επιστημονική Βιβλιοθήκη,
_c2000
300 _a480
520 _aΤο θέμα του βιβλίου είναι το κοινό ενδιαφέρον των μεγάλων της οικονομικής σκέψης: η προσπάθεια κατανόησης του τρόπου λειτουργίας μιας καπιταλιστικής κοινωνίας. Πρόλογος, Εισαγωγή, Η Οικονομική Επανάσταση, Ο Υπέροχος Κόσμος του Άνταμ Σμιθ, Τα Άσχημα Προαισθήματα του Τόμας Μάλθους και του Ντέιβιντ Ρικάρντο, Τα Όνειρα των Ουτοπικών Σοσιαλιστών, Το Αμειλικτό Σύστημα του Κάρλ Μάρξ, Ο Βικτοριανός Κόσμος και ο Υπόκοσμος των Οικονομικών, Η Πρωτόγονη Κοινωνία του Θόρσταϊν Βέμπλεν, Οι Αιρετικές Απόψεις του Τζον Μέϊναρντ Κέϊνσ, Οι Αντιφάσεις του Γιοζέφ Σουμπέτερ, Το Τέλος της Φιλοσοφίας του Οικονομικού Κόσμου, Προτεινόμενοι Τίτλοι, Σημειώσεις.
700 1 _aHeilbroner Robert L
_93410
942 _cBK
999 _c2846
_d2846